Normal view
MARC view
Entry Personal Name
001 - CONTROL NUMBER
- control field: 51612
003 - CONTROL NUMBER IDENTIFIER
- control field: dpl
005 - DATE AND TIME OF LATEST TRANSACTION
- control field: 20120828110120.0
008 - FIXED-LENGTH DATA ELEMENTS
- fixed length control field: 120828|||a|||||| | ||| d
040 ## - CATALOGING SOURCE
- Original cataloging agency: dpl
- Transcribing agency: dpl
100 ## - HEADING--PERSONAL NAME
- Personal name: गौतम, रूपचन्द
670 ## - SOURCE DATA FOUND
- Source citation: Work cat.: (dpl): गौतम, रूपचन्द, दिल्ली की दलित पत्रकारिता/, 2009
670 ## - SOURCE DATA FOUND
- Source citation: Work cat.: (dpl): गौतम, रूपचन्द, दिल्ली की दलित पत्रकारिता/, 2009
